Načítá se...

Russian writers and society, [1825-1904] /

Podrobná bibliografie
Hlavní autor: Hingley, Ronald
Médium: Printed Book
Jazyk:English
LEADER 00331nam a2200097Ia 4500
008 150624b xxu||||| |||| 00| 0 eng d
100 |a Hingley, Ronald 
245 |a Russian writers and society, [1825-1904] /  |c Ronald Hingley 
942 |c BK 
999 |c 60107  |d 60107 
952 |0 0  |1 0  |4 0  |7 0  |9 60084  |a UL  |b UL  |c ST1  |d 2012-10-27  |l 0  |p D1138  |r 2012-10-27  |w 2012-10-27  |y BK